00368pab a2200133 454500008004000000100001700040245006600057260000900123300001200132362001200144650004300156650002200199773001300221180718b1996 xxu||||| |||| 00| 0 eng d aNarender, A. aNature and dimensions of inner city decay: the case of Bombay c1996 ap.40-63 aJan-Mar aCities and towns - India - Maharashtra aUrban development aNagarlok